Der Fußballverein welcher Stadt? - Statistiken

Allgemein
  • Dieses Quiz wurde 125 mal gespielt
    64 seit der letzten Aktualisierung
  • Das Durchschnittsergebnis liegt bei 12 aus 15
Antwortstatistiken
Hint Antwort % Korrekt
SV Werder Bremen
100%
Holstein ___ Kiel
100%
Ajax ___ Amsterdam
98%
Arminia ___ Bielefeld
98%
VfB ___ Stuttgart
98%
Sporting ___ Lissabon
97%
Real ___ CF Madrid
92%
___ Forest Nottingham
90%
AEK ___ Athen
88%
Shakhtar ___ Donezk
81%
___er SV Hamburg
76%
Grasshopper Club ___ Zürich
76%
Standard ___ Lüttich
73%
___ Sounders FC Seattle
47%
___ 1907 Como
3%
Keine übereinstimmenden Quizze gefunden
Verteilung der Resultate
Anzahl Personen mit jedem Resultat
Perzentil nach korrekt beantworteten Fragen
Ihre Resultats-Entwicklung
Sie haben dieses Quiz seit der letzten Aktualisierung nicht gespielt